000 01970nam a2200277 a 4500
001 00003876
003 DO-SdBNP
005 20180312082327.0
007 00003876
008 091118s2002 dr ac 000 0 spa d
020 _a9993487333
040 _aBNPHU
_bspa
_cBNPHU
092 _axxxx
_bxxxx
245 0 0 _aAntología literaria 2 :
_beducación media /
_cilustración Ruddy Núñez ; editor Manuel García Cartagena.
260 _aSanto Domingo :
_bSantillana,
_c2002.
300 _a151 p. :
_bil., retrs. ;
_c28 cm.
490 1 _aUmbral
505 0 _gv .2
_g2do. curso/Primer ciclo
_gUnidad 1
_tEl prerromanticismo --
_gUnidad 2
_tEl romanticismo en hispanoamérica --
_gUnidad 3
_tObras maestras del romanticismo --
_gUnidad 4
_tLiteratura gauchesca. Realismo y costumbrismo --
_gUnidad 5
_tPreculsores del modernismo --
_gUnidad 6
_tEl período modernista --
_gUnidad 7
_tNeoclasicismo y prerromanticismo en Europa --
_gUnidad 8
_tEl romanticismo europeo --
_gUnidad 9
_tEl realismo en Europa --
_gUnidad 10
_tLa modernidad en Europa --
_gUnidad 11
_tEl final del siglo XIX en Europa --
_gUnidad 12
_tTeatro y pensamiento en Europa --
505 0 _gv. 4
_g2do curso/ Segundo ciclo
_gUnidad 1
_tPrimeros proyectos poéticos dominicanos --
_gUnidad 2
_tLetras dominicanas de los años 1940 --
_gUnidad 3
_tLetras en son de guerra --
_gUnidad 4
_tCon la letra de mujer --
_gUnidad 5
_tPoesía de la crisis, crisis de la poesía --
_gUnidad 6
_tLos nuevos prosistas --
_gUnidad 7
_tPoetas vanguardistas hispanoamericanos --
_gUnidad 8
_tNarrativa postmodernista hispanoamericana --
_gUnidad 9
_tHispanoaméricana: medio siglo de poetas --
_gUnidad 10
_tEl boom de la novela hispanoamericana --
_gUnidad 11
_tEscritoras hispanoamericanas --
_gUnidad 12
_tHispanoamérica: ¿que se cuenta hoy?
700 1 2 _aNúñez, Ruddy ,
_eil.
700 1 2 _aGarcía Cartagena, Manuel,
_eed.
830 0 _aUmbral
942 _2ddc
_cBK
945 _ainventariado, 2018 / dg
956 _aLOPEREZ
_b10
_c20160421
_lBPMSU
_h00041
999 _c9878
_d9878